Apuntes históricos de Segovia / (Record no. 159899)

MARC details
000 -LEADER
campo de control de longitud fija 00611nam a22001695i 4500
001 - NÚMERO DE CONTROL
campo de control 159899
003 - IDENTIFICADOR DE NÚMERO DE CONTROL
campo de control ES-MaACL
005 - FECHA Y HORA DE LA ÚLTIMA TRANSACCIÓN
campo de control 20230906211849.0
008 - DATOS DE LONGITUD FIJA--INFORMACIÓN GENERAL
campo de control de longitud fija 980902s1888 sp |||| | spa d
040 ## - FUENTE DE CATALOGACIÓN
Centro catalogador/agencia de origen CYL
Lengua de catalogación spa
Centro/agencia transcriptor CYL
100 1# - ENTRADA PRINCIPAL--NOMBRE DE PERSONA
Nombre de persona Molina y Rico, Joaquín.
9 (RLIN) 130023
245 10 - MENCIÓN DEL TÍTULO
Título Apuntes históricos de Segovia /
Mención de responsabilidad, etc. por Joaquin Molina.
260 ## - PUBLICACIÓN, DISTRIBUCIÓN, ETC.
Lugar de publicación, distribución, etc. [Segovia] :
Nombre del editor, distribuidor, etc. [s.n.],
Fecha de publicación, distribución, etc. 1888 (
Fabricante Imp. Provincial)
300 ## - DESCRIPCIÓN FÍSICA
Extensión [410], XVI p. ;
Dimensiones 23 cm.
651 #4 - PUNTO DE ACCESO ADICIONAL DE MATERIA--NOMBRE GEOGRÁFICO
Nombre geográfico Segovia (Provincia)-
Subdivisión de forma Misceláneas.
9 (RLIN) 157759
852 ## - LOCALIZACIÓN
Ubicación ES-MaACL
Número de control de estantería F-847
Nota libre -- Enc. cartón
-- -- Posible duplicado CCPB000425614-X
Encuadernación -- Edic.: [377], XVI p.
Holdings
Estatus retirado Estado de pérdida Estado de daño No para préstamo Colección Biblioteca de origen Biblioteca actual Ubicación en estantería Fecha de adquisición Fuente de adquisición Total de préstamos Signatura topográfica completa Código de barras Visto por última vez Precio de reemplazo Tipo de ítem Koha
        Libros del s. XIX Biblioteca del Ateneo de Madrid Biblioteca del Ateneo de Madrid Depósito 2 17/01/2008     F-847 1167392 23/02/2023 23/02/2023 Libro impreso antiguo